000 00264nam a2200121Ia 4500
008 190216s9999||||xx |||||||||||||| ||und||
100 _aNull
245 0 _aHindi-Kajusi Ka Fool
260 _bPoorna Pubs Kozhikode
300 _a32
650 _aHindi
942 _cBK
999 _c15930
_d15930